[Event "Jm KP I 23-24 Jundrov C-Rudice"]
[Site "?"]
[Date "2024.03.24"]
[Round "57.3"]
[White "Svobodova, Michaela"]
[Black "Hnilicka, Michal"]
[Result "1/2-1/2"]
[WhiteElo "1985"]
[BlackElo "1901"]
[PlyCount "120"]

1. e4 e5 2. Nf3 Nf6 3. Nc3 Nc6 4. d4 exd4 5. Nxd4 Bc5 6. Be3 Bxd4 7. Bxd4 Nxd4
8. Qxd4 O-O 9. e5 Ne8 10. O-O-O b6 11. Bc4 Kh8 12. Rhe1 c6 13. Ne4 a5 14. f4 b5
15. Bd3 Nc7 16. Nd6 Nd5 17. Qe4 g6 18. f5 Qg5+ 19. Kb1 a4 20. c4 bxc4 21. Bxc4
Ra5 22. Bxd5 cxd5 23. Rxd5 Qd8 24. Rc1 Ba6 25. f6 h6 26. Qe3 Kh7 27. Rd4 Qb6
28. Re4 Qxe3 29. Rxe3 Kg8 30. Rc7 Rd8 31. Kc2 Bb5 32. Kc3 Bc6 33. g3 Rc5+ 34.
Kd2 Rb8 35. b3 axb3 36. axb3 Ra8 37. b4 Ra2+ 38. Kd3 Be4+ 39. Kxe4 Rxc7 40. Rb3
Ra8 41. b5 Rb8 42. b6 Rc6 43. b7 Rc7 44. Kd5 g5 45. Rb4 Kh7 46. Rc4 Rbxb7 47.
Nxb7 Rxb7 48. Kd6 Rb6+ 49. Ke7 Kg6 50. Rc5 Re6+ 51. Kxd7 Kf5 52. Rd5 h5 53. Kd8
Ke4 54. Rd7 Kxe5 55. Rxf7 Rxf6 56. Rh7 h4 57. gxh4 gxh4 58. Rxh4 Kf5 59. Ke7
Kg5 60. Ra4 Rh6 1/2-1/2